000 01037nam a2200265Ia 4500
003 OSt
005 20221005111443.0
006 a|||||r|||| 00| 0
007 ta
008 221004b |||||||| |||| 00| 0 hin d
020 _a9789350729267 (hbk)
_c395
024 _a17702
037 _b516, 21/03/2015, Vani Prakashan
_cTextual
040 _aCRL
_cCRL
_bhin
041 _2hin
_ahin
082 _aO152,3:g, Q5
100 _aअग्रवाल, रोहिणी
245 0 _aहिन्दी कहानी
_b वक़्त की शिनाख़्त और सृजन का राग
246 _aHindī kahānī: vak़t kī shināख़t aur sṛujan kā rāga
260 _aनई दिल्ली
_bवाणी प्रकाशन भारत
_c2015
300 _a192पृ0
_ccm.
650 _aहिन्दी साहित्य
942 _hO152,3:g, Q5
_cTEXL
_2cc
999 _c1021878
_d1021878